000 00483nam a22001457a 4500
020 _a9781771889155
040 _cNUST
082 _a621-MEC MEC
100 _aBir Singh, Satya:
_998864
110 _aRanjan, Prabhat , Vakhrushev, V.Alexander. Haghi, A. K.
_999938
245 _aMechatronic Systems Design and Solid Materials:
_bMethods and Practices
260 _aCanada:
_bCRC Press,
_c2021.
650 _aMechatronic Systems Design .NUSTTB2022
_9102879
942 _2ddc
_cBK
999 _c591393
_d591393